Представление документа в формате MARC21

Поле Инд. ПП Название Значение
Тип записи a
Библиографический уровень b
001 Контрольный номер RU/IS/BASE/234701999
005 Дата корректировки 20220305115058.1
040 b Код языка каталог. rus
e Правила каталог. PSBO
041 0_ a Код языка текста rus
084 a Индекс другой классификации/Индекс ББК 83.3(2=411.2)5
100 1_ a Автор Ивинский Д. П.
245 10 a Заглавие Жак де Моле и муза истории: Из комментария к оде А. С. Пушкина "Вольность"
504 a Библиография Библиогр. - Примеч.: с. 109 - 110
600 14 a Персоналии Пушкин Александр Сергеевич
a Персоналии Моле Жак де
650 04 a Основная рубрика история литературы
a Основная рубрика литературоведение
a Основная рубрика филологические науки
653 0_ a Ключевые слова "Вольность"
a Ключевые слова XIX век
a Ключевые слова поэзия
a Ключевые слова русская литература
a Ключевые слова тамплиеры
773 0_ t Заглавие источника Вестник Московского университета. Серия 9, Филология
d Дата издания источника 2006
g Прочая информация № 6. - С. 101 - 110
w Контрольный № источника RU/IS/BASE/225296183
901 t Тип документа b